000 00607nam a2200217 4500
003 DO-SdBNP
005 20180316094849.0
008 161115b 2007 sp 00| 0 spa d
020 _a9788420448640
020 _a 8420448648
040 _aBPMSU
_bspa
_cBPMSU
100 1 _aDahl, Roald,
_d1916-1990.
245 1 0 _aLas brujas /
_cRoald Dahl ; ilustraciones de Quentin Blake.
250 _a43 ed.
260 _aMadrid :
_bAlfaguara,
_c[s. f.]
300 _a200 p. :
_bil. ;
_c21 cm.
700 1 2 _aBlake, Quentin,
_eil.
942 _2ddc
_cBK
945 _aInventariado, 2018 / dg
956 _adgarcĂ­a
_b10
_hBPMSU
999 _c11961
_d11961